Đông kinh nghĩa thục Phong trào Duy tân đầu tiên ở Việt Nam

Lịch sử ra đời và diễn biến hoạt động của phong trào. Vị trí của Đông kinh nghĩa thục với lịch sử cách mạng và văn hoá Việt nam. Những di sản văn hoá của Đông kinh nghĩa thục

Đã lưu trong:
Bibliografiske detaljer
Hovedforfatter: Nguyễn Hiến Lê (Tác giả)
Format: Bog
Sprog:Vietnamese
Udgivet: H. Nxb. Văn hóa Thông tin 2002
Fag:
Tags: Tilføj Tag
Ingen Tags, Vær først til at tagge denne postø!
Thư viện lưu trữ: Mạng thư viện Đại học Đà Nẵng
LEADER 01264nam a2200313 4500
001 000013745
003 10089
005 20120604080646.0
008 120322s2002 viesd
041 0 |a vie 
082 |a 379.597  |b NG-L 
100 0 |a Nguyễn Hiến Lê  |e Tác giả 
245 0 |a Đông kinh nghĩa thục  |b Phong trào Duy tân đầu tiên ở Việt Nam  |c Nguyễn Hiến Lê 
260 |a H.  |b Nxb. Văn hóa Thông tin  |c 2002 
300 |a 213tr  |c 19cm 
520 |a Lịch sử ra đời và diễn biến hoạt động của phong trào. Vị trí của Đông kinh nghĩa thục với lịch sử cách mạng và văn hoá Việt nam. Những di sản văn hoá của Đông kinh nghĩa thục 
653 |a Phong trào Duy Tân 
653 |a Đông kinh 
653 |a Nghĩa Thục 
OWN |a LSP 
AVA |a UDN50  |b LSP  |d 379.597 NG-L  |e available  |t Error 5001 Not defined in file expand_doc_bib_avail.  |f 5  |g 0  |h N  |i 0  |k 1 
999 |a From the UDN01 
AVA |a UDN50  |b LSP  |d 379.597 NG-L  |e available  |t Error 5001 Not defined in file expand_doc_bib_avail.  |f 5  |g 0  |h N  |i 0  |k 1 
TYP |a Monograph 
TYP |a Printed language 
980 |a Mạng thư viện Đại học Đà Nẵng